| Record ID | ia:onmutualrelatio00solluoft |
| Source | Internet Archive |
| Download MARC XML | https://archive.org/download/onmutualrelatio00solluoft/onmutualrelatio00solluoft_marc.xml |
| Download MARC binary | https://www.archive.org/download/onmutualrelatio00solluoft/onmutualrelatio00solluoft_meta.mrc |
LEADER: 00720cam 2200193l 4500
008 721205s1855 enk eng |
035 $a(Sirsi) AFA-0903
035 $a485123
040 $aOTU$bENG
090 19 $aEcC S6888nx$bROBA$c1
100 10 $aSolly, Edward,$d1819-1886.
245 00 $aOn the mutual relations of trade and manufactures;$ba lecture delivered before the Society of Arts on the 23rd May, 1855, on the opening of the Animal Department of the Trade Museum.
260 0 $aLondon,$bLongman, Brown, Green and Longmans,$c1855.
300 $a40 p.
610 20 $aRoyal Society of Arts (Great Britain)
650 0 $aCommerce
948 $a07/15/1992$b10/16/1995
596 $a26
926 $aROBARTS$bSTACKS$cEcC S6888nx$dBOOK$f1